Análisis de roles y estereotipos sexuales en los textos escolares chilenos

Gespeichert in:
Bibliographische Detailangaben
Hauptverfasser: Blázquez Palma, Marisa (VerfasserIn), Binimelis Saez, Adriana (VerfasserIn)
Format: Buch
Sprache:Spanisch
Veröffentlicht: Santiago Servicio Nacional de la Mujer 1992
Schriftenreihe:Documentos de Trabajo, 8
Schlagworte:
Tags: Tag hinzufügen
Keine Tags, Fügen Sie den ersten Tag hinzu!

MARC

LEADER 00000nam a2200000 a 4500
001 UCX7604
003 CL-VaPUC
008 931221e19920000CL |||||||||||||||||spa|d
082 0 4 |a 155.33  |b BLA  |2 21 
100 0 |a Blázquez Palma, Marisa  |e author  |9 324498 
700 0 |a Binimelis Saez, Adriana  |e author  |9 324499 
245 1 0 |a Análisis de roles y estereotipos sexuales en los textos escolares chilenos 
300 |a 69 p 
942 |c BK 
945 |d 19931221 00:00:00  |a nfarias 
260 |a Santiago  |b Servicio Nacional de la Mujer  |c 1992 
650 7 |a SEXO INVESTIGACIONES  |2 CL-VaPUC  |9 324500 
650 7 |a PAPEL DEL SEXO  |2 CL-VaPUC  |9 324501 
583 |a last modification  |c 19931221 00:00:00  |k Rodrigo Vera 
490 0 |a Documentos de Trabajo, 8 
999 |c 227387  |d 227385 
952 |0 0  |1 0  |4 0  |6 155_330000000000000_BLA_1992  |7 0  |8 A  |9 226353  |a BIBGIM  |b BIBGIM  |d 2019-11-15  |i 2954621  |o 155.33 BLA 1992  |p 2954621  |r 2025-01-15  |w 2019-11-15  |y BK  |k SSL 
952 |0 0  |1 0  |4 0  |6 155_330000000000000_BLA_1992  |7 0  |8 A  |9 226354  |a BIBGIM  |b BIBGIM  |d 2019-11-15  |i 3017281  |o 155.33 BLA 1992  |p 3017281  |r 2025-01-15  |w 2019-11-15  |y BK  |k SSL 
952 |0 0  |1 0  |4 0  |6 155_330000000000000_BLA_1992  |7 0  |8 P  |9 226355  |a BIBEDU  |b BIBEDU  |c BIBEDU_PB  |d 2019-11-15  |i 4563794  |o 155.33 BLA 1992  |p 4563794  |r 2024-01-25  |w 2019-11-15  |y BK  |k BME